00870pam a2200253 a 450000100060000000300100000600500170001600800410003302000150007402000180008903500140010704000240012108200250014510000300017024500670020025000120026726000550027930000340033450400510036865000470041994200120046699900170047895201210049538341(BD-RjUL)20211209052757.0980330s1999 njua b 001 0 eng  a8178083000 a9788178083001 a(BD-RjUL) aDLCc(BD-RjUL)dDLC00a006.32221bHAN 20041 aHaykin, Simon S.,911849810aNeural networks :ba comprehensive foundation /cSimon Haykin. a2nd ed. aIndia :bPearson Education,cc1999 [reprint 2004]. axxi, 842 p. :bill. ;c25 cm. aIncludes bibliographical references and index. 0aNeural networks (Computer science)9118250 2ddccBK c38341d38341 00102ddc4071aICEbICEcSeminar Libraryd2015-11-08l0o006.32 HAN 2004r2015-11-08 00:00:00tC.1w2015-11-08yBK